Marques de Voitures (Difficile) - Statistiques

Statistiques générales
  • Ce quiz a été pris 4 585 fois
  • Le résultat moyen est 10 sur 22
Statistiques - réponses
Modèle Réponse % Correct
A5 Audi
95%
X6 BMW
92%
Slk Mercedes-benz
85%
FF Ferrari
81%
MX-5 Mazda
74%
XC90 Volvo
70%
XJ Jaguar
69%
Evora Lotus
50%
MP4-12C Mclaren
48%
Mulsanne Bentley
47%
Rapide Aston Martin
45%
Insight Honda
45%
CC Volkswagen
40%
Equus Hyundai
33%
XTS Cadillac
29%
CT Lexus
29%
I-Miev Mitsubishi
28%
XV Crosstrek Subaru
25%
200 Chrysler
15%
G Infiniti
13%
Encore Buick
11%
MKX Lincoln
11%
Aucun quiz correspondant
Distribution des résultats
% des personnes avec chaque résultat
Percentile par nombre de réponses
Votre historique - résultats
Vous n’avez pas pris ce quiz